| 000 | 00742nam a2200241 i 4500 | ||
|---|---|---|---|
| 001 | bg | ||
| 100 | 1 | _aWOJCIECHOWSKI, Lech | |
| 245 | 1 | 0 |
_aZawodowy rysunek budowlany / _cLech Wojciechowski. |
| 250 | _aWyd. 3. | ||
| 260 |
_aWarszawa : _bWydawnictwa Szkolne i Pedagogiczne, _c1997. |
||
| 300 |
_a224 s., [2] k. tabl. złoż. : _bmapy, rys., wykr. ; _c24 cm. |
||
| 504 | _aBibliogr. s. 220. | ||
| 521 | _aPodręcznik dla uczniów kl. I zasadniczych szkół budowlanych. | ||
| 650 | 9 |
_aBudownictwo _xrysunek techniczny |
|
| 655 | _aPodręczniki szkolne | ||
| 020 | _a8302055247 | ||
| 040 | _cBPK | ||
| 041 | 0 | _apl | |
| 080 | _a744:69](075.3) | ||
| 920 | _a83-02-05524-7 | ||
| 942 | _cKS | ||
| 008 | s pl f |000 0 pol | ||
| 999 |
_c33885 _d33885 |
||
| 856 |
_uhttp://koha.tu.koszalin.pl/cgi-bin/koha/opac-detail.pl?biblionumber=33885 _yKatalog online BPK |
||